000 00305nam a22001337a 4500
008 170227b xxu||||| |||| 00| 0 eng d
020 _a088167818X
041 _aeng
080 _22ND
_a617
100 _a5
101 _aSHK
245 _aSURGICAL PATHOLOGY OF THE MEDIASTINUM
_cKANEKO, M
942 _2udc
_cBK
999 _c6278
_d6278